JIM Palmer's Way to Fitness (Record no. 4589)

MARC details
000 -LEADER
fixed length control field 00341nam a2200145Ia 4500
008 - FIXED-LENGTH DATA ELEMENTS--GENERAL INFORMATION
fixed length control field 230312s9999||||xx |||||||||||||| ||und||
020 ## - INTERNATIONAL STANDARD BOOK NUMBER
International Standard Book Number 0-060-15407-1
082 ## - DEWEY DECIMAL CLASSIFICATION NUMBER
Classification number 613.7
Item number ROW-J
100 ## - MAIN ENTRY--PERSONAL NAME
Personal name Row;Harper
245 #0 - TITLE STATEMENT
Title JIM Palmer's Way to Fitness
260 ## - PUBLICATION, DISTRIBUTION, ETC.
Name of publisher, distributor, etc. Mountain
Place of publication, distribution, etc. USA
Date of publication, distribution, etc. 1985
300 ## - PHYSICAL DESCRIPTION
Extent 169
650 ## - SUBJECT ADDED ENTRY--TOPICAL TERM
Topical term or geographic name entry element Physiotherapy
942 ## - ADDED ENTRY ELEMENTS (KOHA)
Koha item type BOOK
Holdings
Withdrawn status Lost status Source of classification or shelving scheme Damaged status Not for loan Home library Current library Date acquired Total Checkouts Full call number Barcode Date last seen Price effective from Koha item type
    Dewey Decimal Classification     Superior Information Resource Center (SIRC) Superior University- Main Campus Superior Information Resource Center (SIRC) Superior University- Main Campus 03/13/2023   613.7 ROW-J 4614 03/13/2023 03/13/2023 BOOK

Powered by Koha